000 00684nam a2200217Ia 4500
003 OSt
005 20251224111347.0
008 220923b |||||||| |||| 00| 0 eng d
020 _a9780393314250
037 _cGeneral Book
040 _aRTL
_cRTL
_beng
041 _2eng
_aeng
084 _aY:3(S:72), N6
_qRTL
100 _aGould Stephen Jay
_9282223
245 0 _aMismeasure of man
260 _aNew York
_bW. W. Norton and Company
_c1996
300 _a446 p. : ill.
_bIncludes bibliographical references and index.
650 _aSociology
_9859259
942 _hY:3(S:72), N6
_cGB
_2CC
_n0
999 _c640506
_d640506